Statistiken für Torschützenliste der Primera División 2016-2017

Klicken Sie hier um das Quiz zu spielen!

Allgemein

  • Dieses Quiz wurde 18 mal gespielt
  • Das Durchschnittsergebnis liegt bei 7 aus 11

Antwortstatistiken

ToreNationalitätVereinSpieler% Korrekt
16FrankreichAtlético Madrid Antoine Griezmann
100%
25PortugalReal Madrid Cristiano Ronaldo
100%
37ArgentinienFC Barcelona Lionel Messi
100%
29UruguayFC Barcelona Luis Suárez
100%
13BrasilienFC BarcelonaNeymar
94%
19SpanienCelta Vigo Iago Aspas
76%
16SpanienAthletic BilbaoAritz Aduriz
71%
15SpanienReal Madrid Álvaro Morata
35%
13SpanienEspanyol BarcelonaGerard Moreno
18%
13SpanienBetis Sevilla Rubén Castro
18%
14SpanienFC Málaga Sandro Ramírez
0%

Verteilung der Resultate

Perzentil nach korrekt beantworteten Fragen

Anzahl Personen mit jedem Resultat

Ihre Resultats-Entwicklung

Sie haben dieses Quiz noch nicht gespielt